[Event "SK Landau-Dingolfing 1-SK Neuburg 1"]
[Site "?"]
[Date "2024.10.06"]
[Round "1.1"]
[White "Sailer, Wolfgang"]
[Black "Albrecht, Manuel"]
[Result "1-0"]
[WhiteElo "2105"]
[BlackElo "1923"]
[Annotator "Stockfish 17"]
[PlyCount "41"]
[EventDate "2024.??.??"]
[WhiteTeam "SK Neuburg 1"]
[BlackTeam "SK Landau-Dingolfing 1"]

{[%evp 11,41,26,38,29,51,53,41,46,47,9,13,15,13,-36,-38,-36,-34,-38,300,318,
380,391,541,418,407,402,413,404,526,361,547,543]} 1. e4 e5 2. Nf3 Nc6 3. d4
exd4 4. Nxd4 Bc5 5. Nb3 (5. Be3 Qf6 6. c3 Nge7 7. Bc4 Ne5 {wird viel gespielt})
5... Bb6 6. Nc3 Nf6 7. Qe2 (7. Bg5 h6 8. Bh4 d6 9. Qe2 Be6 10. O-O-O g5 11. Bg3
Qe7 12. f3 O-O-O 13. Bf2 d5 14. Bxb6 axb6 15. exd5 Nxd5 16. Nxd5 Rxd5 17. Rxd5
Bxd5 18. Qxe7 {Radulov,I-Smyslov,V 1/2 Hastings 1972}) 7... d6 8. Be3 Qe7 9.
O-O-O Be6 ({Falsch wäre} 9... Nxe4 $2 10. Nd5 $18) 10. f3 O-O-O 11. Bxb6 axb6
12. Qb5 d5 {[%mdl 64] Hinlenkung} 13. exd5 {[#]} Nxd5 14. Nxd5 Qg5+ $4 {
[%mdl 8192]} (14... Bxd5 $15 15. Bc4 (15. Rxd5 $4 Qe1+ 16. Rd1 Qxd1#) 15...
Bxc4 16. Qxc4 Qg5+ 17. Kb1 Qxg2 $11) 15. f4 $18 Qf5 {[%cal Rd8d5] [#]} (15...
Qg4 16. Rd2 Rhe8) 16. Qxc6 $1 {[%csl Gd5][%cal Rc6c7][%mdl 512] erkennt, daß
er damit glatt 1 Figur erobert} Rxd5 (16... Bxd5 17. Qa4 $18) (16... bxc6 17.
Ne7+ Kb7 18. Nxf5 $18) 17. Qa4 Rxd1+ 18. Kxd1 {Und weiter mit Da8+ wäre nett.}
Rd8+ 19. Kc1 Qd5 {[%csl Gd8][%cal Rd5d1]} 20. Bd3 {zielt auf f5! ab.} c5 (20...
Qxg2 {war angesagt.} 21. Be4 Qg4 22. Qa8+ (22. Bxh7 c5 $16) 22... Kd7 23. Qxb7
Qxf4+ 24. Kb1 Ke7) 21. Be4 1-0

[Event "SK Landau-Dingolfing 1-SK Neuburg 1"]
[Site "?"]
[Date "2024.10.06"]
[Round "1.2"]
[White "Popp, Michael"]
[Black "Wurzel, Andre"]
[Result "0-1"]
[WhiteElo "1973"]
[BlackElo "2101"]
[Annotator "Stockfish 17"]
[PlyCount "22"]
[EventDate "2024.??.??"]
[WhiteTeam "SK Landau-Dingolfing 1"]
[BlackTeam "SK Neuburg 1"]

{[%evp 13,22,33,33,39,50,-50,21,-56,-35,-398,-391]} 1. c4 e6 2. g3 d5 3. Bg2
Nf6 4. Nf3 Be7 5. O-O O-O 6. d4 dxc4 7. Qc2 b5 8. a4 b4 (8... Ba6 9. axb5 Bxb5
10. Ne5 Nd5 $6 (10... c6 11. Rd1 a5 12. Nxc4) 11. Na3 Bxa3 $2 (11... c6 12.
Nexc4 a5 13. e4 Nb4 14. Qc3 $16) 12. bxa3 c3 $2 13. a4 Ba6 14. Ba3 $18 {
Kochyev,A-Orlov,V City ch 1999}) 9. Rd1 (9. Nfd2 $14 c6 10. Nxc4) (9. Ne5 Nd5
10. e4 b3 11. Qd1 Nb4 12. Na3 Ba6 13. Be3 (13. d5 $142 exd5 14. exd5 Bd6 15.
Nexc4 $15) 13... Nd7 $17 {Koshy,V-Ravikumar,V New Delhi 1982}) 9... Bb7 (9...
Ba6 $15) 10. Qxc4 (10. Nbd2 $11) 10... Nbd7 (10... c5 $5) 11. Ne5 $4 {[%mdl
8192] [#]} (11. Bf4 $15) 11... Nxe5 {[%mdl 64] Fesselung. Und 1 Figur ist weg}
0-1

[Event "SK Landau-Dingolfing 1-SK Neuburg 1"]
[Site "?"]
[Date "2024.10.06"]
[Round "1.3"]
[White "Holl, Andreas"]
[Black "Schultes, Christoph"]
[Result "0-1"]
[WhiteElo "2071"]
[BlackElo "1973"]
[Annotator "Stockfish 17"]
[PlyCount "116"]
[EventDate "2024.??.??"]
[WhiteTeam "SK Neuburg 1"]
[BlackTeam "SK Landau-Dingolfing 1"]

{[%evp 11,116,20,19,0,8,-77,-37,-76,-75,-42,-35,-98,-97,-216,-96,-110,-123,
-124,-117,-345,-344,-353,-351,-354,-337,-338,-353,-347,-359,-353,-343,-336,
-334,-332,-325,-364,-333,-321,-324,-333,-333,-336,-326,-333,-333,-336,-328,
-321,-308,-331,-256,-246,-266,-266,-252,-251,-251,-287,-264,-404,-405,-435,
-392,-386,-383,-384,-345,-338,-343,-395,-370,-386,-379,-401,-374,-455,-447,
-481,-452,-472,-475,-469,-469,-459,-438,-527,-525,-643,-625,-648,-646,-649,
-616,-621,-595,-679,-698,-688,-686,-718,-703,-874,-891,-851,-838,-870,-893]} 1.
d4 d5 2. c4 e6 3. Nf3 Nf6 4. g3 dxc4 5. Bg2 Nc6 6. O-O (6. Qa4 Bb4+ 7. Bd2 Nd5
8. Bxb4 Ndxb4 9. a3 b5 10. Qd1 (10. Qxb5 Nc2+ 11. Kd2 Bd7 12. Kxc2 Nxd4+ 13.
Nxd4 Bxb5 14. Nxb5 $13 {war spielbar, die Partie ist offen}) 10... Nd5 11. e4
$2 (11. b3 $142 O-O 12. Nbd2) 11... Nb6 $17 12. Nc3 {Karpov,A-Kramnik,V Amber
blindfold 1999}) 6... Rb8 7. Qc2 (7. Nc3 a6 8. e4 Be7 9. d5 Nb4 10. Ne5 Nd3 {
Lautier,J-Karpov,A Ubeda m 1994}) 7... b5 8. Bd2 $6 (8. b3 $11) 8... Be7 ({
Viel schwächer wäre} 8... Nxd4 $6 9. Nxd4 Qxd4 10. Be3 $14) 9. a4 {Weiss
will axb5 spielen.Schwarz steht etwas besser.} a6 (9... Nxd4 10. Nxd4 Qxd4 11.
Be3 $16) 10. axb5 axb5 11. Rd1 (11. b3 $15) 11... O-O $36 {[%mdl 2048] Schwarz
hat starke Initiative.} ({Schlechter ist} 11... Nxd4 12. Nxd4 Qxd4 13. Be3 $16)
12. b3 $2 (12. Nc3 $17) 12... Bb7 $17 (12... Nxd4 $1 $19 {und Schwarz behält
klar die Oberhand.} 13. Nxd4 Qxd4) 13. bxc4 Nxd4 14. Nxd4 Qxd4 15. Bc3 $2 (15.
Ra2 $17 {kämpft weiter.}) 15... Qxc4 $19 16. Nd2 Qxe2 {Droht stark ...Lc5.}
17. Re1 Qh5 18. Re5 Qg6 19. Qxg6 hxg6 {Schwarz muß nur noch den Bauernvorteil
verwerten} 20. Rxb5 Bxg2 21. Rxb8 Rxb8 22. Kxg2 Nd5 23. Be5 Bf6 24. Bxf6 gxf6 {
[%mdl 4096] Endspiel KTS-KTS} 25. Nc4 Rb4 26. Rc1 Kg7 27. Rc2 g5 28. h3 Rb3 29.
Nd2 Re3 30. Ra2 Nb4 (30... Rc3 $142) 31. Ra4 Re2 32. Rxb4 {[#] zielt auf Td4
ab.} Rxd2 {KT-KT} 33. Rc4 Rd7 34. h4 Kg6 35. g4 $2 (35. hxg5 {war nötig.} Kxg5
36. Kf3) 35... gxh4 36. Kh3 f5 37. Kxh4 fxg4 38. Kxg4 f5+ 39. Kf4 Kf6 40. Rc6
Ke7 (40... Rd3 41. Rxc7 $4 e5# {war auch eine Idee}) 41. f3 Kf6 42. Ke3 Ke5 43.
Rc5+ Kd6 {Schwarz steht klar auf Gewinn.} 44. Kd4 c6 45. Ra5 Rb7 46. Kc4 Rh7
47. Ra8 Rh3 48. Rd8+ Ke5 49. Rd3 {[#] f4+! ist eine echte Drohung.} Kf4 50. Rd6
e5 51. Rxc6 Kxf3 52. Kd5 Kf4 53. Rf6 e4 {Und weiter mit ...Ta3 wäre nett.} 54.
Ke6 Rh5 55. Rf8 e3 {( -> ...e2)} 56. Kd5 e2 57. Re8 Kf3 {Und ...f4+ würde nun
gewinnen.} 58. Kd4 Kf2 0-1

[Event "SK Landau-Dingolfing 1-SK Neuburg 1"]
[Site "?"]
[Date "2024.10.06"]
[Round "1.4"]
[White "Hirtreiter, Alexander"]
[Black "Ebenhoech, Daniel"]
[Result "0-1"]
[WhiteElo "1911"]
[BlackElo "1978"]
[Annotator "Stockfish 17"]
[PlyCount "120"]
[EventDate "2024.??.??"]
[WhiteTeam "SK Landau-Dingolfing 1"]
[BlackTeam "SK Neuburg 1"]

{[%evp 9,120,-18,-8,-20,13,18,63,25,79,23,20,15,19,13,45,47,95,102,99,95,115,
80,151,135,146,129,159,123,151,1,234,62,105,22,113,3,100,-19,-21,-28,-2,-81,
-67,-165,-147,-208,-40,-94,-85,-167,-157,-150,-73,-181,-19,-58,-22,-69,-29,
-131,-133,-189,-184,-249,-258,-261,-240,-321,-330,-320,-307,-291,-284,-275,
-256,-271,-202,-232,-208,-205,-204,-194,-183,-462,-450,-478,-494,-522,-516,
-493,-467,-554,-554,-547,-536,-542,-529,-549,-549,-575,-567,-668,-667,-662,
-374,-727,-675,-681,-674,-679,-685,-684,-685]} 1. e4 c5 2. Nc3 a6 3. Bc4 $6 (3.
Nf3 d6 4. d4 cxd4 5. Nxd4 Nc6 6. g3 g6 7. Bg2 Bg7 8. Be3 Ne5 9. O-O Nc4 10. Bc1
Qb6 $6 (10... Nf6 $142) 11. Nd5 $16 Qxd4 12. Nc7+ Kd8 13. Qxd4 Bxd4 14. Nxa8 {
der weiße Vorteil gibt Aussichten auf einen Gewinn} Nf6 15. c3 Ba7 16. a4 {
Adams,M-Kovalev,A 1/2 Tilburg 1992}) 3... e6 4. a3 Qc7 (4... b5 $142 5. Ba2 Bb7
6. d3 Nc6) 5. d3 Nf6 6. f4 d6 $11 7. Nf3 Nbd7 $6 (7... b5 $142 8. Ba2 Nc6 $11)
8. O-O (8. a4 Be7 9. O-O $16) 8... Be7 9. h3 b5 10. Ba2 Bb7 11. Qe1 Nb6 12. Bd2
d5 $6 13. e5 $16 Nfd7 14. Ne2 O-O 15. c3 Rfc8 $2 (15... a5 $142) 16. Rc1 (16.
Ng3 d4 17. cxd4 {mit großem Vorteil}) 16... Na4 17. Rc2 Qd8 18. b3 Nab6 19.
Bc1 ({viel stärker ist} 19. d4 $16) 19... Nb8 $2 (19... d4 $11) 20. Bb2 $2 (
20. f5 exf5 21. Ng3 g6 22. e6 $18 {und Schwarz hat keinen vernünftigen Zug})
20... Nc6 21. Rd2 (21. f5 $16) 21... Qf8 (21... d4 $11 {bleibt in der
Remisbreite.}) 22. g4 (22. d4 $16) 22... c4 (22... a5 $11) 23. dxc4 (23. f5 $1
$16) 23... dxc4 $11 24. b4 {die beiden Läufer a2 und b2 stehen absonderlich}
Nd5 25. Qf2 (25. Bb1 $11) 25... Bd8 $17 26. Nfd4 $2 (26. Rxd5 $15 exd5 27. Bb1
a5 28. Bc1 $13) 26... Bb6 (26... Nxd4 27. Nxd4 g5 28. Qf3 gxf4 29. Bb1 Qg7 $19
{ist aussichtsreich}) 27. Kh2 (27. Bb1 $17) 27... Nde7 $2 (27... Nxd4 $19 28.
Nxd4 g6) (27... g5 28. fxg5 Nxe5 {mit starkem Spiel}) 28. Qg3 Rd8 29. Rfd1 (29.
Qe1 $17) 29... Nxd4 $19 30. Nxd4 Bxd4 (30... Be4 $142 $1 31. Qe3 Bd3 $17) 31.
Rxd4 $2 {[#]} (31. cxd4 $17 g6 32. Bb1) 31... Rd5 $2 (31... Be4 $1 $19 {
[%mdl 512]} 32. Qg1 (32. Bc1 Rxd4) 32... Bc2) 32. Bb1 Rad8 33. Qe3 g6 (33...
Rxd4 {scheint wilder zu sein.} 34. Rxd4 Rxd4 35. Qxd4 Qa8 36. Bc1 h6) 34. Be4
$2 (34. Bc1 $11 {hält das Gleichgewicht.}) (34. f5 exf5 35. gxf5) 34... Rxd4
$17 35. Rxd4 Rxd4 36. Qxd4 (36. cxd4 $142 Bxe4 37. Qxe4) 36... Bxe4 $19 37.
Qxe4 {der Bb2 steht traurig [#]} Qd8 38. Qd4 Qxd4 39. cxd4 {[%mdl 4096]
Endspiel KL-KS trauriger Bb2 gegen N, Schwarz steht viel besser. Stockfish
bewertet die Stellung mit - 4.60} Kf8 40. Kg3 Ke8 41. Kf3 Kd7 42. Ke4 Kc6 (
42... Nd5 43. h4 Kc6 44. f5 Kb6 45. Bc1 a5 46. fxe6 fxe6 $19 {war überzeugend}
) 43. Bc1 Nd5 44. Bd2 Kb6 45. f5 c3 46. Bc1 (46. Be1) 46... a5 $1 47. fxg6 fxg6
48. bxa5+ Kxa5 49. Kd3 Ka4 50. Ke2 b4 51. axb4 Kxb4 {der Schwarze hat seine
Vorteile sehr gut ausgespielt} 52. Kd3 Kb3 53. h4 Nb4+ 54. Ke4 Kc2 55. Ba3 Nd5
56. h5 Kd1 57. hxg6 (57. Kd3 c2 $19 {war auch gewonnen}) 57... hxg6 {Schwarz
steht klar auf Gewinn.} 58. Kd3 c2 59. Kc4 c1=Q+ 60. Bxc1 Kxc1 0-1

[Event "SK Landau-Dingolfing 1-SK Neuburg 1"]
[Site "?"]
[Date "2024.10.06"]
[Round "1.5"]
[White "Heppert, Lars"]
[Black "Theiss, Johann"]
[Result "1/2-1/2"]
[WhiteElo "1949"]
[BlackElo "1910"]
[Annotator "Stockfish 17"]
[PlyCount "143"]
[EventDate "2024.??.??"]
[WhiteTeam "SK Neuburg 1"]
[BlackTeam "SK Landau-Dingolfing 1"]

{[%evp 19,143,-4,33,30,41,50,43,38,43,39,43,-34,26,-36,0,-3,-9,-31,-34,-36,-24,
-26,-28,-28,-30,-27,-8,-7,-3,9,8,-31,-5,-4,-1,-4,32,34,37,-1,-1,-2,0,0,-1,-8,
-10,-10,-10,-4,-10,-22,-2,-4,-4,-3,-3,-5,0,-3,0,-5,-3,-3,-2,0,0,0,0,-3,-4,-6,
-8,-9,0,0,0,-2,-3,0,0,0,0,0,0,-3,0,-3,0,0,0,0,0,0,0,0,0,0,0,0,0,0,0,0,0,0,0,0,
0,0,0,0,0,0,0,0,0,0,0,0,0,0,0,0,0,0]} 1. c4 Nf6 2. g3 g6 3. Bg2 Bg7 4. Nc3 O-O
5. d4 d6 6. e4 e5 7. Nf3 Nbd7 8. O-O Re8 9. dxe5 dxe5 10. h3 c6 11. Qc2 Qc7 12.
Be3 Bf8 13. Na4 b6 14. Rab1 Bb7 15. Nc3 (15. Rfd1 $14) 15... a5 (15... b5 $5)
16. a3 ({Besser ist} 16. Rfd1 $11) 16... Ba6 (16... b5 $5) 17. Nd2 Bc5 18. Bxc5
Nxc5 19. b4 axb4 20. axb4 Ne6 21. Qb2 Nd4 22. Rfe1 Ra7 23. b5 cxb5 24. cxb5 Bb7
25. Nd5 Bxd5 26. exd5 Ra5 27. d6 $1 {[%cal Rd6c7]} Qc5 {[%cal Ra5b5]} ({Nicht} 
27... Qxd6 $2 28. Nc4 $18 Qe6 29. Nxa5) 28. Bc6 Nxc6 29. bxc6 (29. Rec1 {
mit weiteren Verwicklungen.} Qxb5 30. Qxb5 Rxb5 31. Rxb5 Nd4 32. Ne4) 29...
Qxc6 {Die Stellung ist ausgeglichen.} 30. Qxb6 Ra6 31. Qxc6 Rxc6 32. Ne4 Nxe4
33. d7 Rd8 34. Rxe4 $11 {[%mdl 4096] Endspiel KTT-KTT} f6 35. Rd1 Rc7 36. f4
Rcxd7 37. Rxd7 Rxd7 38. fxe5 {KT-KT} f5 {das Turmendspiel ist sehr remislich}
39. Re3 Kf8 40. Kf2 Ke7 41. h4 Ke6 42. Kf3 Rd5 43. Re2 h6 (43... Rxe5 44. Ra2
$17 Rd5 45. Ra6+ Rd6 46. Ra7 Rd3+ 47. Kf4 Rd4+ 48. Kf3 Rd7 $11) 44. Re3 g5 ({
Viel schwächer ist} 44... Rxe5 45. Ra3 $17) 45. hxg5 hxg5 46. Re2 Rd3+ 47. Kf2
Rd5 48. Ra2 Kxe5 {der Bauerngewinn ändert nichts an der Remisstellung} 49. Ra3
Rd6 50. Rb3 Kf6 51. Ra3 Kg6 52. Rb3 Rd5 53. Ra3 Kh5 54. Kf3 Rd2 55. g4+ fxg4+
56. Kg3 Rd4 (56... Rb2 {scheint wilder zu sein.} 57. Ra7 Rb3+ 58. Kg2 g3 59.
Ra4 Rc3) 57. Rb3 Rd1 58. Ra3 Rf1 {[#] Droht stark ...Tf3+!} (58... Rd8 {
hält die Spannung aufrecht.} 59. Rb3 Rf8 60. Rb7 Rf3+ 61. Kg2 Ra3) 59. Kg2 Rf3
60. Ra8 Rb3 61. Rh8+ Kg6 62. Rg8+ Kf6 (62... Kf5 {fühlt sich spannender an.}
63. Rf8+ Ke5 64. Rc8 Ra3 65. Re8+ Kf5) 63. Rf8+ Kg7 (63... Ke5 {ist
interessant.} 64. Rc8 Kf6 65. Rf8+ Kg6 66. Rc8) 64. Rf5 Kg6 65. Rf8 g3 (65...
Kh5 {sieht schärfer aus.} 66. Rh8+ Kg6 67. Rc8 Kh6 68. Rh8+ Kg7) 66. Rf3 Rxf3
67. Kxf3 Kf5 {[#] ( -> ...g2!)} (67... g4+ {ist vielschichtiger.} 68. Kxg3 Kf5
69. Kg2 Kf4 70. Kf2 g3+) 68. Kxg3 {KB-K} g4 {zum Schluß noch eine kleine
Übung im Bauernendspiel} 69. Kg2 Kf4 70. Kf2 g3+ 71. Kg2 Kg4 72. Kg1 1/2-1/2

[Event "SK Landau-Dingolfing 1-SK Neuburg 1"]
[Site "?"]
[Date "2024.10.06"]
[Round "1.6"]
[White "Huber, Florian"]
[Black "Vaccaroni, Juan Manuel"]
[Result "1/2-1/2"]
[WhiteElo "1820"]
[BlackElo "1941"]
[Annotator "Stockfish 17"]
[PlyCount "55"]
[EventDate "2024.??.??"]
[WhiteTeam "SK Landau-Dingolfing 1"]
[BlackTeam "SK Neuburg 1"]

{[%evp 16,55,23,18,34,10,23,30,37,32,64,6,-2,-3,137,45,60,63,64,65,64,65,57,63,
72,71,64,60,61,59,78,78,118,82,85,35,19,0,0,1,8,0]} 1. d4 Nf6 2. Nf3 e6 3. e3
b6 4. Bd3 Bb7 5. Nbd2 d5 6. O-O Be7 7. b3 O-O 8. Bb2 Ne4 9. c4 f5 10. Ne5 (10.
cxd5 exd5 11. Ne5 $14) 10... Nd7 11. Ndf3 Bf6 12. Rc1 Bxe5 13. Nxe5 (13. dxe5
$142 c5 14. Ne1 Qe7 15. cxd5 $14) 13... Nxe5 14. dxe5 {[#]} c6 $2 (14... Qg5
$11) 15. f4 (15. cxd5 $16 exd5 16. Qc2 Qg5 17. b4 a5 18. a3 axb4 19. axb4 $16)
15... Qe7 16. Bxe4 dxe4 17. Qd6 Kf7 18. Rfd1 Rfd8 19. Qxe7+ Kxe7 20. Rd6 c5 21.
Rcd1 g6 22. Kf2 Rxd6 23. exd6+ $14 {KTL-KTL} ({Doch nicht} 23. Rxd6 Rd8 $11)
23... Kf7 (23... Kd7 24. Be5 Bc6 {und durch die ungleichen Läufer bleibt das
Spiel sehr in der Remisbreite}) 24. Kg3 Bc6 25. h4 h5 26. Kf2 {Die Stellung
ist ausgeglichen.} Bd7 27. a3 a5 28. a4 1/2-1/2

[Event "SK Landau-Dingolfing 1-SK Neuburg 1"]
[Site "?"]
[Date "2024.10.06"]
[Round "1.7"]
[White "Liesecke, Christian"]
[Black "Fuchsgruber, Helmut"]
[Result "1-0"]
[WhiteElo "1926"]
[BlackElo "1802"]
[Annotator "Stockfish 17"]
[PlyCount "65"]
[EventDate "2024.??.??"]
[WhiteTeam "SK Neuburg 1"]
[BlackTeam "SK Landau-Dingolfing 1"]

{[%evp 9,65,177,222,220,218,218,229,212,223,138,145,148,161,116,133,137,166,
165,157,140,204,175,233,220,362,264,264,257,438,441,478,421,415,418,446,441,
483,476,460,474,451,405,502,504,484,475,529,488,560,549,610,502,644,612,665,
658,656,650]} 1. d4 Nf6 2. c4 c5 3. d5 b5 4. cxb5 {[#]} Bb7 $2 {ein
bemerkenswerter Fehler, der bei gründlicher Vorbereitung nicht vorkommen darf}
(4... a6 5. bxa6 (5. e3 g6 (5... axb5 6. Bxb5 Qa5+ 7. Nc3 Bb7 8. Nge2 Bxd5 {
Shirov,A-Adams,M Chalkidiki Afitos 1993} (8... Nxd5 $142 9. O-O Nxc3 10. Nxc3
e6)) 6. Nc3 Bg7 7. a4 O-O 8. Ra3 Bb7 9. Nf3 e6 {Piket,J-Topalov,V Torneo
Magistral 1997}) 5... e6 6. dxe6 fxe6 7. e3 Be7 8. Nf3 O-O 9. Be2 Bxa6 10. O-O
Nc6 11. Nc3 d5 12. Bxa6 Rxa6 13. Qe2 Ra8 {Moehring,G-Bielczyk,K 1/2 (21)
Zamardi 1978}) 5. Nc3 {mit großem Vorteil} e6 {[%cal Rf6d5]} 6. e4 $1 exd5 7.
exd5 d6 8. Nf3 {Weiß steht deutlich besser.} (8. a4 $1 Qa5 9. Nf3 Nxd5 10. Bd2
Nxc3 11. Bxc3 $18) 8... Be7 9. Be2 (9. a4 $1) 9... O-O 10. O-O Nbd7 11. b3 Nb6
{[%cal Rf6d5]} 12. Bc4 $16 {Weiß konnte die Eröffnung an einigen Stellen
besser spielen} Nfd7 13. Bb2 Bf6 14. a4 Nxc4 $2 (14... a6 $16 {war nötig.})
15. bxc4 $18 Qa5 {verfolgt eine schlechte Idee} 16. Qc2 Qb4 (16... Rae8 {
war angesagt.} 17. Rfb1 Re7) 17. Nd1 (17. a5 $1 Bxc3 18. Qxc3 Qxc3 19. Bxc3 $18
) 17... Bxb2 18. Nxb2 Nf6 $2 (18... a6 19. Rfb1 Qa5) 19. a5 $1 Nxd5 20. Rfc1 ({
Weniger gut wäre} 20. cxd5 Bxd5 21. Ng5 g6 $18) (20. a6 Bc8 21. cxd5 $18 {
gewinnt auch}) 20... Nf4 21. Ra4 Bxf3 22. gxf3 Rfe8 {[#] ( -> ...Te1+)} ({
Ein No Go ist} 22... Nh3+ 23. Kf1) 23. Rxb4 cxb4 24. Rb1 Re6 25. Qf5 g5 26. Kf1
{Weiß steht klar auf Gewinn.} Re5 27. Qd7 d5 28. Qc6 Rae8 29. cxd5 Re2 30. Qh6
{[#] Und weiter mit d6 wäre nett.} R8e5 31. b6 axb6 32. axb6 {[%cal Ba5b6,
Bb6b7][%mdl 32]} Rxd5 33. b7 1-0

[Event "SK Landau-Dingolfing 1-SK Neuburg 1"]
[Site "?"]
[Date "2024.10.06"]
[Round "1.8"]
[White "Zinner, Bernhard"]
[Black "Richter, Klaus"]
[Result "0-1"]
[WhiteElo "1771"]
[BlackElo "1922"]
[Annotator "Stockfish 17"]
[PlyCount "54"]
[EventDate "2024.??.??"]
[WhiteTeam "SK Landau-Dingolfing 1"]
[BlackTeam "SK Neuburg 1"]

{[%evp 10,54,-16,-22,-9,-45,-24,-42,41,-11,2,-31,5,-26,0,-96,-90,-160,-128,
-229,-218,-201,-220,-342,-350,-341,-308,-445,-398,-510,-509,-501,-499,-481,
-440,-595,-573,-719,-704,-807,-803,-813,-807,-798,-800,-29994,-29995]} 1. d4
Nf6 2. c4 e6 3. Nf3 b6 4. Nc3 Bb7 5. Bf4 Bb4 6. Qb3 Bxc3+ (6... Qe7 7. e3 Ne4
8. Bd3 Bxc3+ 9. bxc3 d6 {ist auch gut spielbar}) 7. bxc3 O-O 8. e3 d5 (8... d6
$142 $15) 9. c5 Ne4 10. Bd3 Qc8 11. Rb1 Nc6 {[#]} 12. Bxe4 $2 {keine gute Idee}
(12. Qc2 $11 {hält das Gleichgewicht.}) 12... dxe4 $17 13. Ng5 $6 (13. Nd2
$142) 13... Ba6 (13... e5 $1 14. dxe5 h6 15. Nxe4 Nxe5 16. Bxe5 Bxe4 $17 {
war zu beachten}) 14. cxb6 $2 (14. c4 $17) 14... axb6 $19 {[%cal Ba7b6,Bb6b5]
[%mdl 32]} 15. c4 Na5 16. Qa4 $2 {die Fehler des Weißen häufen sich} (16. Qc3
{war einen Versuch wert.} Qb7 17. f3) 16... Bxc4 {[#] Weiss muss nun ...e5!
beachten.} (16... Nxc4 17. Qc6 $17) 17. Rc1 b5 18. Qc2 (18. Qd1 $142 f5 19. d5
exd5 20. Rxc4 dxc4 21. Qd5+ Kh8 22. Nf7+ Rxf7 23. Qxf7) 18... f5 $19 19. Bxc7 {
ein taktischer Einfall, der nicht mehr hilft} Qxc7 20. Nxe6 Qd6 21. Nxf8 Qxf8 (
{Nicht} 21... Rxf8 22. a4 $19) 22. Kd2 Nc6 {[#] ...Sb4 ist eine echte Drohung.}
23. Ra1 Ra3 24. Qb2 Qa8 25. Rhc1 Rd3+ 26. Kc2 Qa5 {( -> ...Td2+)} 27. Rd1 Qa4+
0-1

[Event "TV Tegernsee 1-SK Bruckmuehl 1"]
[Site "?"]
[Date "2024.10.06"]
[Round "1.1"]
[White "Uebele, Peter"]
[Black "Manakov, Ilya"]
[Result "0-1"]
[WhiteElo "2101"]
[BlackElo "2297"]
[Annotator "Stockfish 17"]
[PlyCount "100"]
[EventDate "2024.??.??"]
[WhiteTeam "SK Bruckmühl 1"]
[BlackTeam "TV Tegernsee 1"]

{[%evp 21,100,-22,-19,-54,-49,-58,-60,-59,-44,-52,-53,-54,-19,-40,1,-1,1,0,-8,
-12,0,-8,5,-19,-16,-155,-180,-170,-109,-108,-102,-84,-66,-59,-50,-43,-45,-45,
-41,-48,-49,-55,-48,-18,-11,-109,-32,-53,-45,-69,-55,-53,-33,-43,-34,-39,-38,
-51,-50,-76,-73,-179,-186,-205,-42,-223,-205,-206,-160,-158,-129,-321,-319,
-323,-335,-373,-308,-468,-479,-498,-518]} 1. d4 Nf6 2. Nf3 g6 3. c4 Bg7 4. g3
O-O 5. Bg2 d5 6. cxd5 Nxd5 7. O-O Nc6 8. e4 $14 Nb6 9. d5 Na5 10. Nc3 c6 11.
dxc6 (11. Bg5 Nac4 12. Qe2 h6 13. Bf4 g5 14. Bc1 {Akopian,V-Lputian,S ARM-ch
1995}) (11. Re1 Re8 12. Bf4 Nac4 13. Qc2 cxd5 14. Nxd5 Nxd5 15. exd5 Nd6 {
Serper,G-Safin,S Bishkek zt 1993}) 11... Nxc6 12. Qc2 (12. Qe2 $142) 12... Bg4
13. h3 Bxf3 14. Bxf3 Nd4 15. Qd3 Rc8 16. Rd1 Qd7 (16... Nc4 $5 {[%cal Rc4e5]}
17. Bg2 e6 $15) 17. Bg4 f5 18. exf5 gxf5 19. Bf3 e5 {zielt auf ...e4 ab.} 20.
Bg2 e4 21. Qf1 Qe7 $36 {[%mdl 2048]} 22. Bf4 Nc4 23. b3 $2 (23. Rab1 $11 {
bleibt in der Remisbreite.}) 23... Nb2 $1 $17 24. Rd2 Nd3 (24... Rxc3 $1 $19
25. Rxb2 Ne6 {und der Vorteil nimmt entscheidenden Charakter an}) 25. Nd5 Qf7
26. Be3 Qxd5 27. Rxd3 Nf3+ {[%mdl 64] Abzugsangriff} 28. Bxf3 Qxd3 29. Qxd3
exd3 30. Bd5+ $1 $15 Kh8 31. Rd1 b5 32. Rxd3 $11 {Weiß ist keineswegs
schlechter dran} Rcd8 33. Rd1 $2 (33. Kg2 $11) (33. Bxa7 Rd7 34. Bb6 Rb8 35.
Ba5 $11 {hält das Gleichgewicht}) 33... a6 (33... Rd7 $1 $17 {...Tfd8 ist
eine echte Drohung.} 34. Bf3 Rxd1+ 35. Bxd1 Rd8) 34. Kf1 (34. a4 Rd7 35. axb5
axb5 36. Bf3 {mit sehr guten Remischancen}) 34... Rd7 {Droht stark ...Tfd8.}
35. Bf3 $1 Rxd1+ 36. Bxd1 $15 {[%mdl 4096] Endspiel KTL-KL} Bc3 37. Be2 Kg7 38.
Bd3 (38. a4 bxa4 39. bxa4 a5 40. Bb5 {sieht sehr stabil aus}) 38... h5 39. h4
Be5 40. Bc5 $6 (40. a4 bxa4 41. bxa4 a5 42. Bb6 Bc3 43. Be3 $15) 40... Rf7 41.
a4 $2 {vorhin noch gut, nun aber nicht!} (41. Be2 $17 {war einen Versuch wert.}
) 41... Rc7 $19 42. Bb4 {[#]} f4 $2 {verspielt wieder den Vorteil} ({Lieber} 
42... Bc3 $1 $19 {[%cal Rc3b4]} 43. Ba3 Rd7 44. Ke2 bxa4 45. bxa4 Rd4) 43. gxf4
$2 {[#]} (43. axb5 $15 f3 44. Kg1 (44. bxa6 $2 Rc1+ 45. Be1 Bc3 $19) 44... Rc1+
45. Kh2) 43... Bc3 $1 {[%cal Rc3b4]} 44. Ba3 b4 (44... Rd7 $142 $1) 45. Bc1 Bf6
{[%mdl 64] Abzugsangriff} 46. Be3 (46. Bd2 $17 {war die einzige Verteidigung.}
a5 47. Be4) 46... Rc3 $1 47. Bxa6 {Lc4 wäre jetzt gut für Weiss.} Rxb3 48.
Be2 Ra3 49. Bc5 (49. Bxh5 $142 b3 50. Bd1) 49... Ra1+ 50. Kg2 b3 0-1

[Event "TV Tegernsee 1-SK Bruckmuehl 1"]
[Site "?"]
[Date "2024.10.06"]
[Round "1.2"]
[White "Thiel, Fabian"]
[Black "Blaskowski, Johannes"]
[Result "1/2-1/2"]
[WhiteElo "2154"]
[BlackElo "2227"]
[Annotator "Stockfish 17"]
[PlyCount "39"]
[EventDate "2024.??.??"]
[WhiteTeam "TV Tegernsee 1"]
[BlackTeam "SK Bruckmühl 1"]

{[%evp 25,39,-11,-9,-11,-9,-12,-11,-11,-1,-1,21,21,22,20,19,21]} 1. Nf3 Nf6 2.
g3 d5 3. Bg2 g6 4. O-O Bg7 5. c4 O-O 6. cxd5 Nxd5 7. Nc3 Nc6 8. d4 Nb6 9. d5
Na5 10. Nd4 (10. e4 c6 11. Bg5 h6 12. Bf4 cxd5 13. exd5 Nac4 {ist auch
geläufig}) 10... c6 11. Nb3 Nxd5 12. Nxd5 cxd5 13. Nxa5 Qxa5 $11 14. Qxd5 Qxd5
15. Bxd5 Rd8 16. Bg2 Bg4 17. Bxb7 Bxe2 18. Bxa8 {[#] Und Te1 würde nun
gewinnen.} Bxf1 19. Kxf1 {Droht stark Lf3.} Rxa8 20. Rb1 1/2-1/2